The Forest (wood-based industries) Rules, 1984
| Corporate Author: | |
|---|---|
| Format: | Book |
| Published: |
Kuala Lumpur :
Ibu Pejabat Perhutanan ,
1984
|
| Subjects: |
MARC
| LEADER | 00000cam a2200000 7i4500 | ||
|---|---|---|---|
| 001 | 0000001777 | ||
| 005 | 20011119.0 | ||
| 090 | 0 | 0 | |a 346.04675 |b MAL 1984 |
| 110 | 1 | 0 | |a MALAYSIA |
| 245 | 1 | 4 | |a The Forest (wood-based industries) Rules, 1984 |
| 260 | 0 | 0 | |a Kuala Lumpur : |b Ibu Pejabat Perhutanan , |c 1984 |
| 300 | |a 41 p. ; |c 30 cm. | ||
| 650 | 0 | 0 | |a Forestry law and legislation |z Malaysia |
| 998 | |a JPSM | ||
| 999 | |a 0000002754 |b Monograph |c Reference |e Default branch | ||